|
|
|
|
| LEADER |
00000nam0a2200000 4500 |
| 001 |
176117 |
| 005 |
20231031165225.0 |
| 035 |
|
|
|a (RuTPU)RU\TPU\book\190941
|
| 090 |
|
|
|a 176117
|
| 100 |
|
|
|a 20100224d1972 km y0rusy50 ca
|
| 101 |
0 |
|
|a rus
|
| 102 |
|
|
|a RU
|
| 105 |
|
|
|a a z 001zy
|
| 200 |
1 |
|
|a Трение полимеров
|f В. А. Белый [и др.]
|g Академия наук СССР (АН СССР), Научный совет по трению и смазкам ; отв. ред. Д. Н. Гаркунов
|
| 210 |
|
|
|a Москва
|c Наука
|d 1972
|
| 215 |
|
|
|a 202с.
|c ил.
|
| 320 |
|
|
|a Библиогр.: с. 185-202.
|
| 610 |
1 |
|
|a полимеры
|
| 610 |
1 |
|
|a трение
|
| 610 |
1 |
|
|a твердые тела
|
| 610 |
1 |
|
|a закономерности
|
| 610 |
1 |
|
|a полимерные материалы
|
| 610 |
1 |
|
|a реологические свойства
|
| 610 |
1 |
|
|a полимерные детали
|
| 610 |
1 |
|
|a поверхности
|
| 610 |
1 |
|
|a микрогеометрия
|
| 610 |
1 |
|
|a контакты
|
| 610 |
1 |
|
|a фактическая площадь
|
| 610 |
1 |
|
|a структура
|
| 610 |
1 |
|
|a поверхностные слои
|
| 610 |
1 |
|
|a внешнее трение
|
| 610 |
1 |
|
|a параметры
|
| 610 |
1 |
|
|a расчет
|
| 675 |
|
|
|a 678.01:539
|v 3
|
| 701 |
|
1 |
|a Белый
|b В. А.
|g Владимир Алексеевич
|
| 701 |
|
1 |
|a Свириденок
|b А. И.
|g Анатолий Иванович
|
| 701 |
|
1 |
|a Петроковец
|b М. И.
|g Марк Иосифович
|
| 701 |
|
1 |
|a Савкин
|b В. Г.
|
| 702 |
|
1 |
|a Гаркунов
|b Д. Н.
|g Дмитрий Николаевич
|4 340
|
| 712 |
0 |
2 |
|a Академия наук СССР (АН СССР)
|b Научный совет по трению и смазкам
|2 stltpush
|3 (RuTPU)RU\TPU\col\722
|
| 801 |
|
1 |
|a RU
|b 63413507
|c 20100224
|
| 801 |
|
2 |
|a RU
|b 63413507
|c 20190828
|g RCR
|
| 942 |
|
|
|c BK
|